Católicos y Protestantes ante la Biblia
Saved in:
| Hovedforfatter: | |
|---|---|
| Format: | Bog |
| Sprog: | spansk |
| Udgivet: |
Buenos Aires
Don Bosco
1954
|
| Fag: | |
| Tags: |
Tilføj Tag
Ingen Tags, Vær først til at tagge denne postø!
|
MARC
| LEADER | 00000nam a2200000 a 4500 | ||
|---|---|---|---|
| 001 | UCH7464 | ||
| 003 | CL-VaPUC | ||
| 008 | 091112e19540800AG |||||||||||||||||spa|d | ||
| 082 | 0 | 4 | |a 230 |b NUÑ |2 21 |
| 100 | |a Núñez, David |e autor |9 543922 | ||
| 245 | 1 | 0 | |a Católicos y Protestantes ante la Biblia |
| 300 | |a 309 p | ||
| 942 | |c BK | ||
| 945 | |d 20091112 00:00:00 |a dcastane | ||
| 260 | |a Buenos Aires |b Don Bosco |c 1954 | ||
| 650 | 0 | |a Teología dogmática |9 313198 | |
| 650 | 0 | |a Teología cristiana |9 308336 | |
| 650 | 0 | |a Cristianismo |9 257361 | |
| 650 | 0 | |a Protestantismo |9 317293 | |
| 583 | |a last modification |c 20091112 00:00:00 |k Rodrigo Vera | ||
| 999 | |c 338060 |d 338058 | ||
| 952 | |0 0 |1 0 |4 0 |6 230_000000000000000_NUÑ_1954 |7 0 |8 A |9 430858 |a BIBTEO |b BIBTEO |d 2019-11-22 |i 4611845 |o 230 NUÑ 1954 |p 4611845 |r 2025-01-17 |w 2019-11-22 |y BK |k ICR | ||